कटरा बी आर्ज़ू (Record no. 1226623)
[ view plain ]
| 000 -LEADER | |
|---|---|
| fixed length control field | 00792nam a2200241Ia 4500 |
| 003 - CONTROL NUMBER IDENTIFIER | |
| control field | OSt |
| 005 - DATE AND TIME OF LATEST TRANSACTION | |
| control field | 20250908161053.0 |
| 008 - FIXED-LENGTH DATA ELEMENTS--GENERAL INFORMATION | |
| fixed length control field | 241129s9999||||xx |||||||||||||| ||und|| |
| 020 ## - INTERNATIONAL STANDARD BOOK NUMBER | |
| International Standard Book Number | 978-81-267-0522-1 |
| 037 ## - SOURCE OF ACQUISITION | |
| Stock number | TB |
| 040 ## - CATALOGING SOURCE | |
| Original cataloging agency | ARTS |
| Language of cataloging | hin |
| Transcribing agency | ARTS |
| 041 ## - LANGUAGE CODE | |
| Language code of text/sound track or separate title | hin |
| Source of code | hin |
| 084 ## - COLON CLASSIFICATION NUMBER | |
| Classification number | O152,3N27,KB R1 |
| Assigning agency | ARTS |
| 100 ## - MAIN ENTRY--PERSONAL NAME | |
| Personal name | रज़ा, राही मासूम, ले. |
| 9 (RLIN) | 820355 |
| 245 #0 - TITLE STATEMENT | |
| Title | कटरा बी आर्ज़ू |
| Statement of responsibility, etc. | रज़ा, राही मासूम, ले. |
| 250 ## - EDITION STATEMENT | |
| Edition statement | 3 |
| 260 ## - PUBLICATION, DISTRIBUTION, ETC. | |
| Place of publication, distribution, etc. | नई दिल्ली, भारत |
| Name of publisher, distributor, etc. | राजकमल प्रकाशन |
| Date of publication, distribution, etc. | 2017 |
| 300 ## - PHYSICAL DESCRIPTION | |
| Extent | 223चण् |
| 365 ## - TRADE PRICE | |
| Price type code | INR |
| Price amount | 495 |
| 650 ## - SUBJECT ADDED ENTRY--TOPICAL TERM | |
| Topical term or geographic name entry element | Hindi Fiction |
| 9 (RLIN) | 820356 |
| 942 ## - ADDED ENTRY ELEMENTS (KOHA) | |
| Koha item type | Textbook |
| Classification part | O152,3N27,KB R1 |
| Source of classification or shelving scheme | Colon Classification (CC) |
| Suppress in OPAC | No |
| Withdrawn status | Lost status | Damaged status | Not for loan | Home library | Current library | Date acquired | Source of acquisition | Cost, normal purchase price | Inventory number | Total Checkouts | Full call number | Barcode | Date last seen | Price effective from | Koha item type | Source of classification or shelving scheme |
|---|---|---|---|---|---|---|---|---|---|---|---|---|---|---|---|---|
| Arts Library | Arts Library | 2024-11-29 | Rajkamal Prakashan Pvt. Ltd | 495.00 | BR/11363 & 22/02/2023 | O152,3N27,KB R1 | AL1667656 | 2024-11-29 | 2024-11-29 | Textbook | ||||||
| Arts Library | Arts Library | 2025-09-08 | 22.00 | O152,3N27,KB R1 | AL1213478 | 2025-09-08 | 2025-09-08 | Textbook | Colon Classification (CC) |
